Thực nghiệm xác định hệ số Ko của một số đồng vị bắt nguồn neutron Am-Be : Luận văn Thạc sĩ Vật lý chuyên ngành Vật lý Kỹ thuật
Đề tài trình bày sơ lược lịch sử phát triển của phân tích kích hoạt neutron và các phương pháp chuẩn hóa trong phân tích kích họat neutron. Xác định các thông số phổ neutron cho nguồn Am-Be, trình bày bước tiến hành đo thực nghiệm để xác định...
Spremljeno u:
| Glavni autor: | |
|---|---|
| Format: | Knjiga |
| Jezik: | Undetermined |
| Izdano: |
Cần Thơ
Trường Đại học Cần Thơ
2011
|
| Teme: | |
| Oznake: |
Dodaj oznaku
Bez oznaka, Budi prvi tko označuje ovaj zapis!
|
| Thư viện lưu trữ: | Trung tâm Học liệu Trường Đại học Cần Thơ |
|---|
| LEADER | 01279nam a2200229Ia 4500 | ||
|---|---|---|---|
| 001 | CTU_166854 | ||
| 008 | 210402s9999 xx 000 0 und d | ||
| 082 | |a 539.7213 | ||
| 082 | |b Th107 | ||
| 088 | |a 60440103 | ||
| 100 | |a Nguyễn, Văn Thành | ||
| 245 | 0 | |a Thực nghiệm xác định hệ số Ko của một số đồng vị bắt nguồn neutron Am-Be : | |
| 245 | 0 | |b Luận văn Thạc sĩ Vật lý chuyên ngành Vật lý Kỹ thuật | |
| 245 | 0 | |c Nguyễn Văn Thành ; Trương Thị Hồng Loan ( Hướng dẫn khoa học) | |
| 260 | |a Cần Thơ | ||
| 260 | |b Trường Đại học Cần Thơ | ||
| 260 | |c 2011 | ||
| 520 | |a Đề tài trình bày sơ lược lịch sử phát triển của phân tích kích hoạt neutron và các phương pháp chuẩn hóa trong phân tích kích họat neutron. Xác định các thông số phổ neutron cho nguồn Am-Be, trình bày bước tiến hành đo thực nghiệm để xác định Ko. | ||
| 650 | |a Nuclear reactors,Lò phản ứng hạt nhân,Neutrons,Neutron | ||
| 650 | |x Scattering,Tán xạ | ||
| 904 | |i Hải | ||
| 980 | |a Trung tâm Học liệu Trường Đại học Cần Thơ | ||